[Event "Chinese-ch Men 2020"]
[Site "Xinghua"]
[Date "2020.12.23"]
[Round "5.1"]
[White "Wei, Yi"]
[Black "Xu, Xiangyu"]
[Result "1-0"]
[WhiteElo "2732"]
[BlackElo "2573"]
[Annotator "TA"]
[PlyCount "125"]
[EventDate "2020.12.19"]
[EventType "tourn"]
[EventCountry "CHN"]
[SourceTitle "playchess.com"]
[Source "ChessBase"]
[SourceQuality "1"]

{[%evp 16,125,41,0,4,0,21,14,23,0,0,0,0,0,0,0,34,20,20,11,29,45,35,0,0,0,0,0,0,0,0,0,0,0,0,0,0,0,0,0,0,0,80,37,32,27,31,25,75,44,123,111,137,126,224,207,507,493,599,599,599,599,339,586,570,550,1179,1187,1355,1336,1775,1591,704,2372,1539,2688,5824,2873,675,2616,8075,7025,5293,6628,6116,3386,5933,2231,2071,1801,2692,711,2694,2614,2445,2518,1944,1807,1468,1208,12842,12843,12843,12843,12844,12844,12845,12844,12844,12845,12847,12847]} 1. d4 Nf6 2. c4 g6 3. Nc3 d5 4. cxd5 Nxd5 5. e4 Nxc3 6. bxc3 c5 7. Nf3 Bg7 8. Be3 Bg4 9. Qa4+ Nc6 {D85: Exchange Grünfeld: Unusual White 7th moves and lines with 7 Nf3.} 10. Rc1 $5 {[%mdl 4] Hoping for d5. An interesting side line.} Bxf3 11. gxf3 e6 {The position is equal.} 12. Bb5 {aiming for d5.} (12. dxc5 {looks sharper.} O-O 13. h4 Ne5 14. Rd1 Qc7 15. Be2) 12... O-O {[%cal Rc5d4]} 13. Bxc6 bxc6 {[#]} 14. h4 $146 ({Predecessor:} 14. O-O Qh4 15. Qxc6 Rac8 16. Qd6 e5 17. dxc5 Qh3 18. Qd1 f5 19. c6 Kh8 20. Re1 {1-0 (32) Melkumyan,H (2668)-Xu,X (2582) Moscow 2019}) 14... h5 15. Kf1 Kh7 16. dxc5 Qc7 17. Kg2 Bf6 18. Rhd1 Rfd8 19. Kh3 Bxh4 20. Rd6 (20. Kxh4 {leads to mate.} Qh2+ 21. Kg5 Kg7 22. Rd7 Rxd7 23. Qd4+ Rxd4 24. Bxd4+ e5 25. Bxe5+ Qxe5+ 26. Kh4 Qh2+ 27. Kg5 f6#) 20... Be7 21. e5 Bxd6 22. cxd6 Qc8 23. Qf4 Rd7 $1 24. Qh6+ Kg8 25. Rg1 {White wants to play Qxh5.} Rb8 26. Kh2 Qf8 {...Qxh6 is the strong threat.} 27. Qxh5 Qg7 28. Qg5 Rf8 (28... Rb5 $1 $11 29. Bf4 Rc5) 29. Bd4 c5 $1 30. Bxc5 f6 $1 {[%cal Rf6g5]} 31. Qg4 $36 {[%mdl 2048] White is pushing.} Kf7 32. Qa4 Rb7 {Black is on the road to losing.} ({Black should play} 32... Kg8 $14) 33. Kg2 $16 fxe5 34. Be3 Kg8 (34... Rd8 $16) 35. Qg4 $18 Rbf7 $2 (35... Rd7 {is a better defense.}) 36. c4 {[%cal Bc3c4,Bc4c5][%mdl 32]} Rxf3 37. Qxe6+ Qf7 38. Qxf7+ R3xf7 {[%mdl 4096] Endgame KRR-KRB} 39. c5 Rd7 {White is clearly winning.} 40. Rd1 Rc8 {...Kf7 would now be nice for Black.} 41. Kf3 Kf7 42. Ke4 Ke6 43. Rd5 Rf7 44. Rxe5+ Kd7 45. Kd5 Rc6 46. Bd2 Ra6 47. a4 Rc6 48. Bc3 Rf5 {[#]} 49. f4 $1 {[%mdl 512]} Ra6 (49... Rxf4 50. Re7+) 50. Be1 Rc6 51. Ba5 Ra6 52. Bd2 Rc6 53. Kc4 (53. Be3 $142 Ra6 54. Bd4) 53... Rf7 54. Be3 Rc8 {[#]} 55. Kd5 $1 Rc6 56. Bc1 Rf5 57. Bd2 Rc8 58. Rxf5 gxf5 59. Ba5 Rc6 60. Bc7 Ra6 61. a5 Rc6 {[#]} 62. Bb6 $1 {[%mdl 512]} a6 {[#]} (62... axb6 63. axb6) 63. Bd8 $1 {[%mdl 512] Weighted Error Value: White=0.07/Black=0.29} 1-0

[Event "Chinese-ch Men 2020"]
[Site "Xinghua"]
[Date "2020.12.23"]
[Round "5.2"]
[White "Lu, Shanglei"]
[Black "Bai, Jinshi"]
[Result "1-0"]
[WhiteElo "2615"]
[BlackElo "2618"]
[Annotator "TA"]
[PlyCount "55"]
[EventDate "2020.12.19"]
[EventType "tourn"]
[EventCountry "CHN"]
[SourceTitle "playchess.com"]
[Source "ChessBase"]
[SourceQuality "1"]

{[%evp 9,55,22,25,22,17,15,6,11,20,9,17,10,16,14,23,14,22,-15,-6,-16,-8,0,0,0,0,1,0,0,0,0,0,0,0,0,236,227,265,253,259,135,848,829,809,783,29992,29993,29994,29995]} 1. e4 e5 2. Bc4 Nf6 3. d3 c6 4. Nf3 d5 5. Bb3 a5 {And now ...a4 would win.} 6. a4 {C24: Bishop's Opening: 2...Nf6.} (6. Nxe5 $2 a4 $19) 6... Bb4+ 7. c3 Bd6 8. exd5 {The position is equal.} Nxd5 (8... cxd5 9. Bg5 Be6 10. Na3 Nbd7 11. Nb5 Bb8 12. O-O O-O 13. Re1 Re8 14. Bh4 Ra6 15. Nd2 Nc5 16. Bc2 {1-0 (39) Lu,S (2620)-Bai,J (2585) China 2017}) 9. O-O O-O {[#]} 10. Bg5 $5 $146 {[%mdl 8] An interesting novelty.} ({Predecessor:} 10. Re1 Re8 11. Bg5 f6 12. Bh4 Be6 13. Nbd2 Nd7 14. Nc4 Bc7 15. d4 exd4 16. Nxd4 {0-1 (46) Nabaty,T (2692)-Fridman,D (2591) Batumi 2018}) 10... f6 11. Bh4 Kh8 12. Re1 Bg4 13. d4 exd4 14. Qxd4 Bxf3 15. gxf3 Na6 16. Nd2 Bc5 17. Qc4 Nxc3 18. bxc3 {Strongly threatening Ne4.} ({Don't play} 18. Qxc3 Bb4 $17) 18... Qxd2 19. Rad1 Qh6 20. Bg3 f5 {Threatens to win with ...f4.} 21. Re6 $36 {[%mdl 2048] White is pushing.} Qh5 $2 (21... Rf6 $1 $11) 22. Be5 $1 $18 Qg5+ ({And not} 22... Qxf3 23. Bxg7+ $1 {[%mdl 512]} Kxg7 24. Rd7+ Rf7 25. Rxf7+ Kg8 26. Re8+ $1 {[%mdl 512]} Rxe8 27. Rf8+ $1 {[%mdl 512]} Kg7 28. Qg8+ Kh6 29. Rf6+ Kh5 30. Bf7+ {[%mdl 64] Double Attack} Kh4 31. Rh6+ {[%mdl 64] Double Attack} Qh5 32. Rxh5# (32. Bxh5 $2 {loses.} Rxg8+ 33. Kf1 Rh8 $19)) 23. Kh1 Bxf2 {[#] White must now prevent ...Nc5.} 24. Qf1 (24. Qe2 $1 $18 {[%cal Re2f2]} Nc5 25. Qxf2 Nxe6 26. Bxe6) 24... Bc5 $2 {[%mdl 8192] A mistake that costs the game.} (24... Bg3 $16) 25. f4 Qh4 26. Rd3 {aiming for Rh3.} Qh5 27. Rh3 Qf7 {[#]} 28. Reh6 $1 {[%mdl 512] Weighted Error Value: White=0.07/Black=0.57} 1-0

[Event "Chinese-ch Men 2020"]
[Site "Xinghua"]
[Date "2020.12.23"]
[Round "5.3"]
[White "Xu, Yinglun"]
[Black "Lin, Yi"]
[Result "1/2-1/2"]
[WhiteElo "2554"]
[BlackElo "2408"]
[Annotator "TA"]
[PlyCount "161"]
[EventDate "2020.12.19"]
[EventType "tourn"]
[EventCountry "CHN"]
[SourceTitle "playchess.com"]
[Source "ChessBase"]
[SourceQuality "1"]

{[%evp 18,161,25,27,31,14,29,34,54,54,54,55,67,60,47,53,75,93,74,79,120,122,123,108,108,109,115,110,114,116,129,107,107,100,117,95,97,96,102,78,79,79,79,69,79,0,109,108,101,99,92,93,100,40,78,73,80,80,80,86,104,111,115,88,138,138,138,138,138,138,145,0,145,153,153,132,135,137,149,69,138,82,82,70,75,75,76,76,86,59,134,134,134,134,134,134,134,134,134,134,134,94,94,94,94,8,80,8,80,31,31,8,8,8,8,8,8,8,8,8,8,8,8,13,13,8,8,10,11,11,11,11,11,11,11,0,0,0,0,0,0,0,0,0,0,0]} 1. c4 e6 2. Nc3 d5 3. d4 Nf6 4. cxd5 exd5 5. Bg5 c6 6. e3 Bf5 7. Qf3 Bg6 8. Bxf6 Qxf6 9. Qxf6 gxf6 10. Nf3 Nd7 {D35: Queen's Gambit Declined: Exchange Variation.} 11. Nh4 Be7 12. Ne2 f5 {White is slightly better.} 13. g3 Bxh4 14. gxh4 Nf6 15. Ng3 f4 16. exf4 Nh5 17. Nxh5 Bxh5 18. Rg1 {[#]} f6 $146 ({Predecessor:} 18... Kf8 19. Bd3 Rg8 20. Rg5 Bg6 21. f5 h6 22. Rg3 Bh5 23. Kd2 Ke7 24. Ke3 Kf6 {½-½ (30) Parligras,M (2623)-Rakhmanov,A (2647) Kragujevac 2018}) 19. Rg7 Bf7 20. Bd3 Kf8 21. Rg3 ({Of course not} 21. Rxh7 $6 Rxh7 22. Bxh7 Kg7 $11) 21... Bg6 22. f5 ({Much weaker is} 22. Bxg6 hxg6 23. Rxg6 Kf7 $11) 22... Bf7 23. Kd2 Rg8 24. a4 a5 25. Re1 h5 26. h3 Re8 27. Rb1 Ra8 28. b4 axb4 29. Rxb4 Ra7 30. Be2 Be8 31. Re3 (31. Bd1 $16) 31... Bd7 (31... Rg2 $11) 32. Bxh5 $16 Rh8 33. Bg4 Rxh4 34. a5 Bc8 35. Ra3 (35. Ra4 $1 $16) 35... Rh7 36. Rb6 Ke7 37. a6 Kd6 {[%cal Rb7a6]} 38. axb7 Rhxb7 39. Rxb7 Rxb7 {[%mdl 4096] Endgame KRB-KRB} 40. Ke3 Rh7 41. Kf4 Bd7 42. Ra8 $1 Ke7 43. Rb8 Kd6 44. Ra8 Ke7 $1 45. Ke3 Kd6 46. Rf8 Ke7 47. Rb8 Kd6 48. Kd3 ({White should play} 48. Kf4 $16) 48... Ke7 (48... c5 $14) 49. Kc3 (49. Ke2 $142 $1) 49... Kd6 50. Kb4 Rh6 51. Rg8 Rh7 52. Ra8 Rh6 53. Ka5 c5 ({Better is} 53... Rh7 $14) 54. Ra6+ Bc6 55. Bd1 $1 {[%cal Rd1a4]} Kc7 56. dxc5 Rxh3 {[#] And now ...Ra3+ would win.} 57. Ra7+ $1 Bb7 {[#]} 58. Ba4 $1 {aiming for c6.} Rh8 59. Bb5 {Ba6 is the strong threat.} Ra8 60. Rxa8 Bxa8 {KB-KB} 61. Be8 (61. Kb4 $16) 61... d4 (61... Bc6 $11 {remains equal.} 62. Bh5 d4) 62. Kb4 (62. Bb5 $16) 62... Bd5 (62... Bc6 $11 63. Bh5 d3) 63. Bh5 Be4 64. Bg4 {With the idea Kc4.} Bd3 {The position is equal.} 65. Bh3 Kc6 66. Bg2+ Kc7 67. Kb3 Bxf5 68. Kc4 d3 69. Kc3 Bg6 70. Bd5 Bf5 71. f3 Bg6 72. f4 Bf5 73. Bf3 Kd7 74. Kd4 Kc7 75. Ke3 Kd7 76. Bd1 Kc6 77. Kd4 Kc7 78. Ba4 d2 79. Kc3 Bd7 80. Bd1 Kc6 81. Kd4 {Black defended with fortune.  Weighted Error Value: White=0.11/Black=0.10} (81. Kxd2 $5 {[%cal Rd1a4]} Kxc5 82. Ke3 $11) 1/2-1/2

[Event "Chinese-ch Men 2020"]
[Site "Xinghua"]
[Date "2020.12.23"]
[Round "5.4"]
[White "Zhao, Jun"]
[Black "Huang, Renjie"]
[Result "1/2-1/2"]
[WhiteElo "2638"]
[BlackElo "2422"]
[Annotator "TA"]
[PlyCount "121"]
[EventDate "2020.12.19"]
[EventType "tourn"]
[EventCountry "CHN"]
[SourceTitle "playchess.com"]
[Source "ChessBase"]
[SourceQuality "1"]

{[%evp 9,121,16,35,28,30,31,33,25,28,18,23,22,41,31,36,35,43,44,32,29,49,47,50,39,91,81,81,80,71,78,73,83,103,0,42,50,28,36,35,30,56,0,0,0,0,0,0,0,0,0,5,5,5,5,9,0,0,6,7,0,0,0,7,7,15,11,24,0,0,0,0,0,0,0,0,0,0,0,0,0,0,0,0,0,0,0,0,0,0,0,0,0,0,0,0,0,0,0,8,0,8,8,8,0,8,0,8,8,8,8,8,8,8,8]} 1. d4 d5 2. c4 c6 3. Nf3 Nf6 4. e3 e6 5. b3 Bb4+ 6. Nbd2 {D30: Queen's Gambit Declined: Systems without Nc3.} Nbd7 7. Bb2 b6 8. Bd3 {White is slightly better.} Bb7 9. a3 Bd6 {[#]} 10. b4 $146 ({Predecessor:} 10. O-O O-O 11. Ne5 Qe7 12. f4 Rfd8 13. Qe2 c5 14. Ndf3 {½-½ (14) Sinanan,J (2276)-Cozianu,C (2446) Seattle 2011}) 10... c5 11. cxd5 exd5 12. dxc5 bxc5 13. bxc5 Bxc5 14. Rb1 {[#] Threatens to win with Bxf6.} Rb8 15. O-O O-O 16. Nb3 Qe7 ({Black should try} 16... Bd6 $14) 17. Nxc5 Nxc5 18. Be5 Rbc8 19. Bf5 Rc6 20. Qd4 g6 21. Bh3 (21. Bxf6 $16 Qxf6 22. Qxf6 Rxf6 23. Rfc1 gxf5 24. Rxc5) 21... Ba6 22. Rfc1 Bc4 23. Bxf6 Qxf6 24. Ne5 {[%mdl 64] [#] Double Attack} Rc7 25. f4 ({Much weaker is} 25. Nxc4 Qxd4 26. exd4 Nd3 $15) (25. g3 $14) 25... Qe7 $11 26. Nxc4 dxc4 27. Rxc4 Rd8 28. Qe5 Qxe5 29. fxe5 Rd5 30. e6 fxe6 31. Rbc1 Kf7 32. Bg4 Ke7 33. Bf3 Re5 34. Rh4 h5 35. Rhc4 Kd7 36. h4 Na6 37. Be4 {White wants to play Rd4+.} g5 38. hxg5 (38. Rd4+ {with more complications.} Ke7 39. Rf1 Nc5 40. Bg6 Rd7 41. Bxh5 gxh4 42. Rf7+) 38... Rxg5 {The position is equal.} 39. Bf3 Rxc4 40. Rxc4 {[%mdl 4096] Endgame KRB-KRN} Ra5 41. a4 Nc5 42. Bd1 Ke7 43. Rh4 Nd3 44. Rxh5 (44. Kf1 {feels hotter.} Rf5+ 45. Ke2 Nc5 46. Bc2 Rg5 47. Kf2) 44... Rxh5 45. Bxh5 {KB-KN} Nb2 $1 46. a5 Nc4 47. a6 Nxe3 48. Kf2 Nd5 49. Bf3 {Bxd5 is the strong threat.} Nc7 50. Be2 Kf6 51. Kg3 Kg5 52. Bc4 e5 53. Kf3 Kh4 54. Be2 Kg5 55. Ke4 Kh4 56. Kf3 Kg5 57. g3 Ne6 58. Ke4 Nc5+ 59. Kxe5 Nxa6 $1 60. Bxa6 {Be2 would kill now.} Kg4 61. Ke4 {Weighted Error Value: White=0.06/Black=0.04} 1/2-1/2

[Event "Chinese-ch Men 2020"]
[Site "Xinghua"]
[Date "2020.12.23"]
[Round "5.5"]
[White "Yu, Yangyi"]
[Black "Ju, Wenjun"]
[Result "1/2-1/2"]
[WhiteElo "2709"]
[BlackElo "2560"]
[Annotator "TA"]
[PlyCount "93"]
[EventDate "2020.12.19"]
[EventType "tourn"]
[EventCountry "CHN"]
[SourceTitle "playchess.com"]
[Source "ChessBase"]
[SourceQuality "1"]

{[%evp 12,93,9,0,17,0,2,6,21,16,5,0,0,0,0,3,13,11,20,16,18,0,0,0,0,-7,0,0,35,-15,0,0,-1,-21,-17,-11,-23,-18,-31,-35,0,0,0,0,0,0,0,0,0,0,0,-15,-15,-18,-12,-22,-23,-16,0,-16,-7,-14,-5,0,0,-7,0,0,0,-14,0,0,0,0,0,0,0,0,0,0,0,0,0,0]} 1. c4 e5 2. Nc3 Nf6 3. Nf3 Nc6 4. a3 d5 5. cxd5 Nxd5 6. Qc2 Be7 7. e3 a6 {A28: English Opening: Four Knights Variation.} 8. Nxd5 Qxd5 9. Bd3 Be6 10. Be4 Qd6 11. b4 Bd5 12. Bb2 Rd8 13. Rc1 {[#]} Qe6 $146 ({Predecessor:} 13... Bxe4 14. Qxe4 Qe6 15. h3 f6 16. d4 f5 17. Rxc6 bxc6 18. Qxe5 Qb3 19. Qxg7 Rf8 20. Qxh7 Qxb2 {½-½ (20) Dahlstroem,R (2457)-Isigkeit,H (2376) ICCF email 2009}) 14. Bf5 Qd6 15. O-O g6 {[#] Threatens to win with ...Bxf3.} 16. e4 Ba2 17. Bh3 O-O 18. Bc3 Bc4 19. Rfe1 $1 b5 20. Qb2 f6 21. g3 {[#]} a5 $1 {[%cal Ra5b4][%mdl 512]} 22. Bf1 (22. d3 {keeps more tension.} Qxd3 23. Nd2 axb4 24. Nxc4 bxc3 25. Rxc3 Qd4 26. Ne3) (22. bxa5 Qxa3) 22... Bxf1 23. Kxf1 axb4 24. Bxb4 Nxb4 25. axb4 Qxb4 26. Qa2+ Rf7 27. Rxc7 Qa3 28. Qxa3 Bxa3 29. Rc6 Rb8 30. Rb1 Bf8 31. d3 b4 32. Nd2 Kg7 33. Ke2 Ra7 34. Rb2 h5 {The position is equal.} 35. h4 Rb5 36. Nb3 Kf7 37. Rbc2 Rbb7 38. f4 Ra3 39. Rb2 Rba7 40. Ke3 Ra2 41. Rxa2 Rxa2 $11 {[%mdl 4096] Endgame KRB-KRN} 42. Nd2 Bh6 43. Nc4 Rh2 44. Rc7+ Kg8 45. Rc8+ Kf7 46. Rc7+ Kg8 47. Rc8+ {Not much happened in this game.  Weighted Error Value: White=0.05/Black=0.05} 1/2-1/2

[Event "Chinese-ch Men 2020"]
[Site "Xinghua"]
[Date "2020.12.23"]
[Round "5.6"]
[White "Wen, Yang"]
[Black "Zhang, Rui"]
[Result "1-0"]
[WhiteElo "2594"]
[BlackElo "1658"]
[Annotator "TA"]
[PlyCount "97"]
[EventDate "2020.12.19"]
[EventType "tourn"]
[EventCountry "CHN"]
[SourceTitle "playchess.com"]
[Source "ChessBase"]
[SourceQuality "1"]

{[%evp 9,97,7,15,15,15,12,15,15,15,11,17,14,45,17,25,27,20,20,31,10,16,-2,-8,-9,12,22,29,19,27,25,27,21,47,47,43,42,112,74,126,86,96,79,102,66,129,92,94,90,98,90,184,186,172,158,243,232,292,243,244,210,231,232,269,264,362,366,363,354,358,348,500,487,512,505,495,476,590,591,589,579,643,628,607,602,853,848,912,911,879,852]} 1. d4 d5 2. Nf3 Nf6 3. Bf4 e6 4. Nbd2 Bd6 5. Bg5 h6 6. Bxf6 {D02: 1 d4 d5 2 Nf3 sidelines, including 2...Nf6 3 g3 and 2...Nf6 3 Bf4.} Qxf6 7. e4 {[#] And now e5 would win.} dxe4 8. Nxe4 {The position is equal.} Qe7 9. Bd3 Nd7 10. Qe2 Nf6 {[#]} 11. Ne5 $146 ({Predecessor:} 11. O-O-O Bd7 12. Ne5 O-O-O 13. Nxd6+ cxd6 14. Nxd7 Rxd7 15. Kb1 d5 16. f4 g6 17. g4 {0-1 (41) Grischuk,A (2777)-Duda,J (2757) Chess.com INT 2020}) 11... Bxe5 12. dxe5 Nd5 13. O-O Bd7 14. f4 O-O-O 15. Qf2 Kb8 16. a3 f5 17. exf6 $1 Nxf6 18. Rae1 Bc6 19. Qc5 Qd7 20. Nd2 Qd5 21. Qxd5 exd5 22. Nf3 Ne4 (22... Rhe8 $14) 23. Ne5 {Strongly threatening Bxe4.} Rhe8 ({Black should play} 23... Nd6) 24. h4 Re6 25. Re3 a6 26. h5 Ka7 (26... Nf6 $14) 27. Rfe1 Rf8 28. Ng6 Rfe8 29. g4 Nc5 (29... Rd6 $16) 30. Ne5 $18 Nxd3 31. cxd3 ({Don't play} 31. Rxd3 $6 Rf8 $16) 31... Rf8 (31... Ka8 $16) 32. f5 Rd6 33. d4 Bb5 34. Ng6 Rg8 35. Re6 Rxe6 36. Rxe6 {[%mdl 4096] Endgame KRB-KRN} c5 37. dxc5 d4 38. Rd6 Rc8 39. b4 ({Weaker is} 39. Rxd4 Rxc5 40. Nf4 Rc7 $18) 39... d3 (39... Re8 $142 40. Rxd4 a5 41. bxa5 Ka6) 40. Nf4 {White is clearly winning.} Re8 41. Ne6 Bc4 42. Kf2 Re7 43. Ke3 Bb5 44. Kd2 Rf7 45. Nd4 Ba4 46. Kxd3 Bd1 47. Rg6 Rd7 48. Ke3 Re7+ 49. Ne6 {Weighted Error Value: White=0.09/Black=0.28} 1-0

[Event "Chinese-ch Men 2020"]
[Site "Xinghua"]
[Date "2020.12.24"]
[Round "6.1"]
[White "Xu, Xiangyu"]
[Black "Zhang, Rui"]
[Result "1-0"]
[WhiteElo "2573"]
[BlackElo "1658"]
[Annotator "TA"]
[PlyCount "101"]
[EventDate "2020.12.19"]
[EventType "tourn"]
[EventCountry "CHN"]
[SourceTitle "playchess.com"]
[Source "ChessBase"]
[SourceQuality "1"]

{[%evp 16,101,33,34,34,34,33,33,43,32,39,31,33,47,91,93,110,41,118,112,121,124,111,83,92,45,48,65,58,60,87,74,102,90,99,91,72,0,0,-112,-109,-109,0,-221,0,0,0,-154,0,0,0,-131,-141,-125,0,-14,22,13,163,48,82,96,152,125,169,172,340,349,326,333,353,311,304,284,372,335,569,558,719,708,1827,1661,2202,2087,29971,29972,29990,29991]} 1. d4 d5 2. c4 c6 3. cxd5 cxd5 4. Bf4 Nf6 5. e3 e6 6. Nc3 Bd6 7. Bxd6 Qxd6 8. Bd3 Nc6 9. f4 a6 {D10: Slav Defence: 3 cxd5 (without early Nf3) and 3 Nc3.} 10. Nf3 b5 11. Ne5 Bb7 {White is slightly better.} 12. Rc1 Na5 {[#]} 13. O-O $146 ({Predecessor:} 13. b3 Ne4 14. O-O f6 15. Qh5+ Ke7 16. Qf7+ Kd8 17. Qxg7 Rf8 18. Nf7+ Rxf7 19. Qxf7 Qe7 20. Qh5 Kd7 21. Bxe4 dxe4 22. d5 {1-0 (22) Andriyanov,I (1960)-Petrovskis,O (1906) Panevezys 2012}) 13... Nc4 14. Qe2 Qe7 15. a4 $1 b4 16. Na2 (16. Bxc4 $16 {aiming for Bb5+.} dxc4 17. Nb1) 16... Nxe5 (16... O-O $14) 17. fxe5 $16 Ne4 18. Bxe4 dxe4 19. Rc5 O-O 20. Rfc1 a5 21. Rc7 Ba6 22. Qg4 (22. Qxa6 $2 Qxc7 $3 {[%mdl 512]} 23. Rxc7 Rxa6 $19) 22... Qd8 23. R1c5 $1 (23. Qxe4 $2 b3 $19) 23... Rc8 24. Rxc8 Bxc8 25. Qxe4 f5 26. Qf4 (26. exf6 $1 $16 Qxf6 27. h3) 26... g5 $11 27. Qg3 (27. Qf2 $11) 27... f4 $1 $17 {[%cal Rf4g3]} 28. Qh3 Qe8 (28... Kh8 $1 $17 29. Rc1 Bb7) 29. Nc1 $2 (29. Rxa5 $2 Qg6 $19) (29. Qh6 $11 Qxa4 30. Qxg5+ (30. Rxc8 Qd1+ 31. Kf2 Qd2+ {[%mdl 64] Double Attack} 32. Kf1 Qd1+ 33. Kf2 Qd2+ {[%mdl 64] Double Attack} 34. Kf1 Qd1+ 35. Kf2 $11) 30... Kh8 31. Rxc8 (31. Rc7 Qd1+ 32. Kf2 Qd2+ 33. Kf3 Bb7+ 34. Rxb7 Qd1+ 35. Ke4 Qc2+ 36. Kf3 Qc6+ 37. e4 Qxb7 $19) 31... Qd1+ 32. Kf2 Qd2+ {[%mdl 64] Double Attack} 33. Kf3 Qd1+ 34. Kf2 Qd2+ {[%mdl 64] Double Attack} 35. Kf3 Qd1+ 36. Kf2) 29... Qg6 $2 (29... Ba6 $1 $19 {Strongly threatening ...fxe3.} 30. Qg4 (30. Rxa5 $2 Qc6 $19) 30... fxe3) 30. exf4 $11 {Black must now prevent f5.} (30. Rxa5 $2 Qc2 $19) 30... gxf4 31. Qf3 $2 {[#]} (31. Rxa5 $2 Qc2 $19) ({Better is} 31. Qd3 $1 $11 Qh6 32. Qf3 (32. Rxa5 $2 f3 $19)) 31... Qg7 $2 (31... Bb7 $1 $17 {[%cal Rb7f3][%mdl 512]} 32. Qf2 (32. Qxb7 $2 f3 $19) 32... Kh8) 32. h3 Kh8 33. Qg4 (33. Nd3 $11 {remains equal.} Bb7 34. Qf2) 33... Qd7 $1 $17 {[%cal Rd7d4][%mdl 1024] Black has strong compensation.} 34. Kh2 {Ne2 is the strong threat.} Bb7 (34... Qxd4 $17 35. Rc2 Qxe5) 35. Qh4 ({Wrong is} 35. Rxa5 $2 Rg8 $19) 35... Qg7 {[%csl Gb7][%cal Rg7g2]} (35... f3 $5 {[%cal Rf3f2]} 36. Qf2 Qe8 $17) 36. Rc2 Qd7 {[#]} (36... f3 $11 {and Black has nothing to worry.} 37. gxf3 Rxf3) 37. Qh6 $40 {[%mdl 128] White mounts an attack.} ({White should try} 37. Nd3 $1 $18 {[%cal Rd3f4]}) 37... Rf7 38. Nb3 {Hoping for Nc5!} Bd5 (38... Qd5 $142 39. Nc5 b3) 39. Nc5 $16 ({Stronger than} 39. Nxa5 f3 $11) 39... Qe8 {[#]} 40. Rf2 $1 Qg8 $2 (40... Qf8 41. Qxf8+ Rxf8) 41. Nxe6 $18 Qg3+ 42. Kg1 f3 {[#]} 43. Qg5 Qxg5 44. Nxg5 {[%mdl 4096] Endgame KRB-KRN} Rc7 {Threatening ...Rc1+.} 45. gxf3 Bb3 $2 (45... Rc1+ 46. Kg2 Kg8) 46. f4 Bxa4 47. d5 Bb3 48. d6 Rg7 49. Kh2 a4 50. e6 Rxg5 51. e7 {Weighted Error Value: White=0.34/Black=0.55} 1-0

[Event "Chinese-ch Men 2020"]
[Site "Xinghua"]
[Date "2020.12.24"]
[Round "6.2"]
[White "Ju, Wenjun"]
[Black "Wen, Yang"]
[Result "1-0"]
[WhiteElo "2560"]
[BlackElo "2594"]
[Annotator "TA"]
[PlyCount "75"]
[EventDate "2020.12.19"]
[EventType "tourn"]
[EventCountry "CHN"]
[SourceTitle "playchess.com"]
[Source "ChessBase"]
[SourceQuality "1"]

{[%evp 22,75,0,9,6,0,0,0,23,21,25,17,20,20,19,20,25,25,293,282,391,316,301,309,301,300,297,292,408,395,354,261,366,362,355,268,268,268,268,268,445,459,895,430,429,412,420,406,519,516,513,513,715,694,767,662]} 1. d4 d5 2. c4 e6 3. Nf3 Nf6 4. Nc3 c6 5. e3 Nbd7 6. Qc2 b6 7. Be2 Bb7 8. O-O Bd6 9. Rd1 O-O 10. e4 Nxe4 11. Nxe4 dxe4 12. Qxe4 Qc7 {D45: Semi-Slav: 5 e3.} 13. Bd3 {[%csl Gd3][%cal Re4h7]} g6 $1 14. Qh4 Rfe8 {The position is equal.} 15. Ng5 $40 {[%mdl 128] [#] White is up to no good.} Nf6 $146 ({Predecessor:} 15... Nf8 16. Ne4 Be7 17. Bg5 c5 18. dxc5 bxc5 19. Bxe7 Qxe7 20. Qxe7 Rxe7 21. Nxc5 Rc8 {1-0 (43) Myc,M (2350)-De Wachter,M (2175) Zagan 1997}) 16. c5 bxc5 17. dxc5 Bxc5 18. Bf4 e5 19. Be3 Bxe3 {[%mdl 8192] This costs Black the game.} (19... Be7 $11 {and Black stays safe.}) 20. fxe3 $18 {Strongly threatening Rf1.} Qb6 21. Bc4 Qxe3+ 22. Kh1 Kg7 23. Rf1 (23. Nxf7 Qf4 $15) ({Weaker is} 23. Bxf7 Re7 $16) 23... Qd4 {[#]} 24. Ne4 $1 {[%mdl 512]} Qxe4 (24... Qxc4 25. Qxf6+) 25. Qxf6+ {[%mdl 64] Double Attack} Kh6 26. Bxf7 {And now Rf3 would win.} Rf8 (26... c5 $142 27. Rf3 Qg4) 27. Rae1 Qg4 {...c5 is the strong threat.} 28. Re3 ({Inferior is} 28. Rxe5 c5 $17) 28... c5 {[%csl Gb7][%cal Rg4g2]} 29. Rg3 Qh5 30. Kg1 {Black must now prevent Rh3!} Bc8 (30... Bd5 31. Rh3 Qxh3 32. gxh3 Rxf7 33. Qxe5 Rxf1+ 34. Kxf1 Bxa2 35. Qxc5 Bg8 36. Qe3+ Kg7 37. Qe7+ Kh6) 31. Rff3 ({Not} 31. Qd6 Bf5 $16) 31... e4 {[#]} (31... Bf5 $142 32. Rxf5 {[%mdl 64] Remove Defender} Qxf5 33. Rh3+ Qxh3 34. gxh3 Rad8 35. Qh4+ Kg7) 32. Rh3 $1 {[%mdl 512]} Bxh3 33. Rxh3 Qxh3 34. gxh3 Rad8 {intending ...Rd1+.} 35. Qe7 $1 {[%csl LRa7,LRc5,LRe4] White is clearly winning.} Rd1+ 36. Kf2 Rfd8 37. Bc4 R8d2+ 38. Ke3 {Weighted Error Value: White=0.35/Black=0.63} 1-0